000 00670nam a2200217 a 4500
001 26551
003 CO-ViMGA
008 141112s2004 ck r 000 u spa d
020 _a9684940572
040 _aCO-ViMGA
_bspa
_cCO-ViMGA
090 _aP CAR9
100 1 _aCardenal, Ernesto.
_95947
245 1 0 _aApalka /
_cErnesto Cardenal ; ilustraciones de Felipe Dávalos
260 _aMéxico :
_bCIDCLI ; Consejo Nacional para la Cultura y las Artes
300 _a27 p / 22 cm.
650 1 4 _aAVES - - POESÍAS
_95948
650 1 4 _aPOESÍA INFANTIL NICARAGÜENSE
_95949
650 1 4 _aPOESÍA NICARAGÜENSE
700 1 _aDávalos, Felipe, il.
_95951
942 _2ddc
_cBK
999 _c11055
_d11055